|
|
|
|
| LEADER |
02334nim a2200637 i 4500 |
| 001 |
001652612 |
| 003 |
CZ BrMZK |
| 005 |
20190122143353.0 |
| 007 |
sd fungnnmmned |
| 008 |
181023p20182016xr ||nne b n cze |
| 015 |
|
|
|a cnb003023917
|
| 024 |
3 |
|
|a 8594178720164
|
| 040 |
|
|
|a BOA001
|b cze
|e rda
|
| 072 |
|
7 |
|a 821.162.3.09
|x Česká literatura (o ní)
|2 Konspekt
|9 11
|
| 072 |
|
7 |
|a 929
|x Biografie
|2 Konspekt
|9 8
|
| 080 |
|
|
|a 929
|2 MRF
|
| 080 |
|
|
|a 028.4-028.16
|2 MRF
|
| 080 |
|
|
|a 72/76.071.1
|2 MRF
|
| 080 |
|
|
|a 82-051-058.833
|2 MRF
|
| 080 |
|
|
|a 821.162.3-051
|2 MRF
|
| 080 |
|
|
|a (044)
|2 MRF
|
| 080 |
|
|
|a (086.76)
|2 MRF
|
| 100 |
1 |
|
|a Vaculíková, Madla,
|d 1925-2020
|7 jn19990209953
|4 aut
|4 nrt
|
| 245 |
1 |
0 |
|a Madla Vaculíková
|
| 264 |
|
1 |
|a [Praha] :
|b Triáda,
|c [2018]
|
| 264 |
|
4 |
|c ©2018
|
| 300 |
|
|
|a 1 CD audio (71:02) ;
|c 12 cm
|
| 306 |
|
|
|a 011102
|
| 336 |
|
|
|a mluvené slovo
|b spw
|2 rdacontent
|
| 337 |
|
|
|a audio
|b s
|2 rdamedia
|
| 338 |
|
|
|a audiodisk
|b sd
|2 rdacarrier
|
| 344 |
|
|
|a digital
|b optical
|2 rda
|
| 347 |
|
|
|a audio soubor
|b CD audio
|2 rda
|
| 490 |
1 |
|
|a Hlasy - edice autorského čtení
|
| 500 |
|
|
|a Název z disku
|
| 500 |
|
|
|a "Madla Vaculíková čte ze své knihy Drahý pane Kolář..."--Pouzdro
|
| 505 |
0 |
0 |
|t Drahý pane Kolář...
|
| 508 |
|
|
|a Režie a dramaturgie Ivan Arsenjev
|
| 518 |
|
|
|o Nahráno
|d 12.4.2016
|p Studio Bystrouška
|
| 550 |
|
|
|a Vydavatel a copyright: Hlasy, z.s.
|
| 600 |
1 |
7 |
|a Vaculíková, Madla,
|d 1925-
|7 jn19990209953
|2 czenas
|
| 600 |
1 |
7 |
|a Kolář, Jiří,
|d 1914-2002
|7 jk01061244
|2 czenas
|
| 648 |
|
7 |
|a 20. století
|7 ch460558
|2 czenas
|
| 650 |
0 |
7 |
|a autorská čtení
|7 ph409234
|2 czenas
|
| 650 |
0 |
7 |
|a výtvarní umělci
|7 ph116709
|z Česko
|y 20. století
|2 czenas
|
| 650 |
0 |
7 |
|a manželky spisovatelů
|7 ph122620
|z Česko
|y 20. století
|2 czenas
|
| 650 |
0 |
7 |
|a čeští spisovatelé
|7 ph128175
|y 20. století
|2 czenas
|
| 655 |
|
7 |
|a korespondence
|7 fd132681
|2 czenas
|
| 655 |
|
7 |
|a kompaktní disky
|7 fd201991
|2 czenas
|
| 700 |
1 |
|
|a Arsenjev, Ivan,
|d 1961-
|7 jk01010391
|4 drt
|4 oth
|
| 710 |
2 |
|
|a Hlasy (spolek)
|7 ko2015872708
|4 isb
|
| 830 |
|
0 |
|a Hlasy - edice autorského čtení
|
| 910 |
|
|
|a BOA001
|b CDR-1416.268
|
| 990 |
|
|
|a AV
|
| 991 |
|
|
|b 201901
|c NOV
|
| 996 |
6 |
|
|b 2610758607
|c CDR-1416.268
|l MZK
|r Sklad / do 24 hodin
|n 1
|p p.v.
|w 001691546
|u 000010
|a 1
|e BOA001
|j MZK50
|s P
|